Mort Subite : Personnages de Nintendo - Statistiques

Statistiques générales
  • Ce quiz a été pris 605 fois
  • Le résultat moyen est 7 sur 15
Answers on the Grid
Answers color-coded by a green-red scale on the quiz's grid according to % correct below.
R.O.B
Sonic
Olimar
Pit
Inkling
Chun-li
Crash Bandicoot
Tom Nook
Spyro le dragon
Lara Croft
Fox MCcloud
Kirby
Ryu
Harmonie
Pac Man
Daisy
Aloy
Meta Knight
Ratchet
Ness
Mega Man
Link
Jak
Shadow
Pikachu
Sackboy
Palutena
Agent 47
Birdo
Solid Snake
 
Statistiques - réponses
Réponse % Correct
Kirby
64%
Daisy
61%
R.O.B
59%
Harmonie
56%
Link
53%
Tom Nook
53%
Inkling
50%
Olimar
49%
Pikachu
45%
Pit
42%
Fox MCcloud
40%
Birdo
38%
Meta Knight
38%
Ness
37%
Palutena
26%
Aucun quiz correspondant
Distribution des résultats
% des personnes avec chaque résultat
Percentile par nombre de réponses
Votre historique - résultats
Vous n’avez pas pris ce quiz